| 000 | 00853nam a22002177a 4500 | ||
|---|---|---|---|
| 999 |
_c949 _d949 |
||
| 003 | AR-CdUCM | ||
| 008 | 190225b ||||| |||| 00| 0 spa d | ||
| 040 |
_aMUNICIPALIDAD PROVINCIAL DEL CUSCO _cBIBLIOTECA MUNICIPAL DEL CUSCO |
||
| 082 |
_a869.56038 / _bC77 |
||
| 100 |
_aCopé _93685 |
||
| 245 |
_aLa fuga de Agamenón Castro : _by los cuentos ganadores del premio copé 1985 / _cCopé ; Orellana Quintanilla, Carlos (prólogo) |
||
| 260 |
_aLima - Perú : _bEd. Copé, _c1985. |
||
| 300 |
_a301 páginas ; _c20 cm. |
||
| 505 | _aLa sonrisa de Amelia -- sobre un fondo gris -- el viejo -- con la soga al cuello -- una piedra en el camino ... | ||
| 650 |
_aCuento peruano. _93686 |
||
| 650 |
_aConcursos. _93687 |
||
| 650 |
_aSiglo XX. _98 |
||
| 700 |
_aOrellana Quintanilla, Carlos (prólogo) _93688 |
||
| 942 |
_2ddc _cLIBROS |
||
| 945 |
_aachl _d2019-02-25 |
||